[Event "NB I. Charousek csoport"]
[Site "Paks"]
[Date "2024.03.03"]
[Round "7.5"]
[White "Toth, Jozsef"]
[Black "Benedeczky, Lehel Dr"]
[Result "1/2-1/2"]
[WhiteElo "2161"]
[BlackElo "2127"]
[PlyCount "88"]
[EventDate "2023.10.08"]
[EventType "team-tourn"]
[EventRounds "11"]
[EventCountry "HUN"]
[Source "chess.hu"]
[WhiteTeam "Gyori Elektromos"]
[BlackTeam "ASE II. Paks"]
[WhiteTeamCountry "HUN"]
[BlackTeamCountry "HUN"]

1. d4 d5 2. Nf3 Nf6 3. Bf4 c5 4. e3 Nc6 5. c3 Qb6 6. Qc1 Bf5 7. Nh4 Be4 8. Nd2
e6 9. f3 Bg6 10. g4 Be7 11. Nxg6 hxg6 12. Nb3 Nd7 13. Bg2 e5 14. dxe5 Ndxe5 15.
Bxe5 Nxe5 16. O-O a5 17. Rb1 a4 18. Na1 Qd6 19. h3 Nd3 20. Qd2 c4 21. f4 g5 22.
Nc2 O-O 23. Ne1 Nxe1 24. Rfxe1 Rfd8 25. Red1 Qb6 26. Kh1 Bc5 27. Bxd5 Bxe3 28.
Qg2 gxf4 29. Bxc4 Rxd1+ 30. Rxd1 Rd8 31. Rxd8+ Qxd8 32. Qd5 Qe7 33. Kg2 Bc5 34.
b3 axb3 35. axb3 g6 36. h4 b5 37. Bxb5 Qe3 38. Qf3 Qd2+ 39. Kh3 Bg1 40. Be2 Kg7
41. h5 Be3 42. hxg6 Qxc3 43. gxf7 Qxb3 44. Qe4 Qxf7 1/2-1/2

[Event "NB I. Charousek csoport"]
[Site "Paks"]
[Date "2024.03.03"]
[Round "7.6"]
[White "Toth, Gergely"]
[Black "Solymosi, Istvan"]
[Result "1-0"]
[WhiteElo "2123"]
[BlackElo "2099"]
[PlyCount "69"]
[EventDate "2023.10.08"]
[EventType "team-tourn"]
[EventRounds "11"]
[EventCountry "HUN"]
[Source "chess.hu"]
[WhiteTeam "ASE II. Paks"]
[BlackTeam "Gyori Elektromos"]
[WhiteTeamCountry "HUN"]
[BlackTeamCountry "HUN"]

1. e4 c6 2. c4 d5 3. exd5 cxd5 4. cxd5 Nf6 5. Nc3 Nxd5 6. Nf3 Nc6 7. Bb5 e6 8.
O-O a6 9. Ba4 Be7 10. a3 O-O 11. d4 b5 12. Bc2 Nf6 13. Bg5 Bb7 14. Qd3 g6 15.
Bh6 Re8 16. Rfd1 b4 17. Na4 bxa3 18. bxa3 Na5 19. Ne5 Be4 20. Qe2 Bxc2 21. Qxc2
Rc8 22. Qd3 Nd5 23. Qxa6 Nb3 24. Rab1 Ra8 25. Qd3 Rxa4 26. Rxb3 Qa8 27. Qf3 f6
28. Qh3 fxe5 29. Qxe6+ Kh8 30. Qf7 Bf8 31. Rb7 Re7 32. Rxe7 Nxe7 33. Bxf8 Nf5
34. dxe5 Qc6 35. Bg7+ 1-0

[Event "NB I. Charousek csoport"]
[Site "Paks"]
[Date "2024.03.03"]
[Round "7.7"]
[White "Zoldi, Zoltan"]
[Black "Szegedy, Matyas"]
[Result "0-1"]
[WhiteElo "2106"]
[BlackElo "2177"]
[PlyCount "100"]
[EventDate "2023.10.08"]
[EventType "team-tourn"]
[EventRounds "11"]
[EventCountry "HUN"]
[Source "chess.hu"]
[WhiteTeam "Gyori Elektromos"]
[BlackTeam "ASE II. Paks"]
[WhiteTeamCountry "HUN"]
[BlackTeamCountry "HUN"]

1. Nf3 Nf6 2. c4 g6 3. Nc3 Bg7 4. g3 b6 5. Bg2 Bb7 6. d4 O-O 7. O-O Ne4 8. Nxe4
Bxe4 9. Bd2 c5 10. Bc3 d6 11. Qd2 Nd7 12. Rfd1 Rb8 13. Rac1 Qc7 14. Qe3 Qb7 15.
d5 Bxc3 16. Rxc3 Nf6 17. Nh4 Bxg2 18. Nxg2 Rfe8 19. a4 Qd7 20. b3 a6 21. Qf4 b5
22. axb5 axb5 23. Rf3 bxc4 24. bxc4 Rb2 25. Re1 Qg4 26. Qe3 Qe4 27. Qd3 Rb4 28.
Rf4 Qe5 29. Ne3 Reb8 30. Ng4 Nxg4 31. Rxg4 f5 32. Rh4 Rf8 33. Qd2 Rf7 34. Rc1
Rb2 35. Rc2 Rxc2 36. Qxc2 g5 37. Rh6 f4 38. Re6 Qd4 39. Re4 Qg7 40. Qa4 fxg3
41. hxg3 Qf6 42. f3 Kg7 43. Kg2 h5 44. Qe8 g4 45. f4 h4 46. gxh4 Qxh4 47. Re3
Qf6 48. Re4 Qc3 49. Rxe7 Qh3+ 50. Kg1 Qg3+ 0-1

[Event "NB I. Charousek csoport"]
[Site "Paks"]
[Date "2024.03.03"]
[Round "7.8"]
[White "Berta, Tibor"]
[Black "Horvath, Tamas"]
[Result "1/2-1/2"]
[WhiteElo "2032"]
[BlackElo "2111"]
[PlyCount "32"]
[EventDate "2023.10.08"]
[EventType "team-tourn"]
[EventRounds "11"]
[EventCountry "HUN"]
[Source "chess.hu"]
[WhiteTeam "ASE II. Paks"]
[BlackTeam "Gyori Elektromos"]
[WhiteTeamCountry "HUN"]
[BlackTeamCountry "HUN"]

1. d4 Nf6 2. Nf3 e6 3. Bg5 h6 4. Bh4 c5 5. c3 b6 6. e3 Bb7 7. Bd3 cxd4 8. cxd4
Be7 9. O-O O-O 10. Nc3 d6 11. Rc1 Nbd7 12. Bg3 Nh5 13. Qe2 a6 14. Rfd1 b5 15.
a3 Qb6 16. b4 Nf4 1/2-1/2

[Event "NB I. Charousek csoport"]
[Site "Paks"]
[Date "2024.03.03"]
[Round "7.9"]
[White "Jozsa, Csaba"]
[Black "Gosztola, Istvan"]
[Result "1/2-1/2"]
[WhiteElo "2142"]
[BlackElo "2122"]
[PlyCount "29"]
[EventDate "2023.10.08"]
[EventType "team-tourn"]
[EventRounds "11"]
[EventCountry "HUN"]
[Source "chess.hu"]
[WhiteTeam "Gyori Elektromos"]
[BlackTeam "ASE II. Paks"]
[WhiteTeamCountry "HUN"]
[BlackTeamCountry "HUN"]

1. e4 c5 2. Nf3 Nc6 3. d4 cxd4 4. Nxd4 Nf6 5. Nc3 e5 6. Ndb5 d6 7. Bg5 a6 8.
Na3 Be6 9. Nc4 Rc8 10. Ne3 Be7 11. Bxf6 Bxf6 12. Ncd5 Bg5 13. c3 Bxe3 14. Nxe3
Ne7 15. Be2 1/2-1/2

[Event "NB I. Charousek csoport"]
[Site "Paks"]
[Date "2024.03.03"]
[Round "7.10"]
[White "Toth, Nikoletta"]
[Black "Kiss, Balazs"]
[Result "0-1"]
[WhiteElo "1962"]
[BlackElo "1974"]
[PlyCount "77"]
[EventDate "2023.10.08"]
[EventType "team-tourn"]
[EventRounds "11"]
[EventCountry "HUN"]
[Source "chess.hu"]
[WhiteTeam "ASE II. Paks"]
[BlackTeam "Gyori Elektromos"]
[WhiteTeamCountry "HUN"]
[BlackTeamCountry "HUN"]

1. Nf3 d5 2. g3 c6 3. Bg2 Nd7 4. d4 e6 5. O-O Bd6 6. b3 Qe7 7. Bb2 f5 8. a4
Ngf6 9. Ba3 O-O 10. e3 e5 11. dxe5 Nxe5 12. c4 Nxf3+ 13. Bxf3 Bxa3 14. Nxa3 Be6
15. c5 Qxc5 16. Nc2 Rad8 17. b4 Qe7 18. Nd4 Bc8 19. Rb1 Ne4 20. Qc1 Rf6 21. Bg2
Rh6 22. b5 c5 23. Ne2 b6 24. Ra1 Qf7 25. h3 Rdd6 26. Rd1 Be6 27. Ra3 d4 28.
exd4 cxd4 29. Qb1 Bc4 30. Bxe4 fxe4 31. Nf4 g5 32. Ng2 Be2 33. Rd2 d3 34. Rc3
Rd8 35. Qb3 Qxb3 36. Rxb3 Rf6 37. Rb4 Rc8 38. Ne3 Rc1+ 39. Kh2 0-1

[Event "NB I. Charousek csoport"]
[Site "Paks"]
[Date "2024.03.03"]
[Round "7.11"]
[White "Papai, Mate"]
[Black "Buri, Petra Zsuzsanna"]
[Result "1-0"]
[WhiteElo "1887"]
[BlackElo "1972"]
[PlyCount "107"]
[EventDate "2023.10.08"]
[EventType "team-tourn"]
[EventRounds "11"]
[EventCountry "HUN"]
[Source "chess.hu"]
[WhiteTeam "Gyori Elektromos"]
[BlackTeam "ASE II. Paks"]
[WhiteTeamCountry "HUN"]
[BlackTeamCountry "HUN"]

1. d4 d6 2. c4 g6 3. Nc3 Bg7 4. e4 e5 5. Be3 Nf6 6. Be2 O-O 7. Nf3 exd4 8. Nxd4
Nc6 9. O-O Re8 10. f3 Nxd4 11. Bxd4 c6 12. Bf2 Nh5 13. Qd2 Be6 14. Rad1 Bf8 15.
f4 Ng7 16. Qc2 f5 17. c5 fxe4 18. Nxe4 d5 19. Qc3 dxe4 20. Rxd8 Raxd8 21. g4
Bd5 22. Be3 Be6 23. Kh1 Rd7 24. h4 h5 25. gxh5 Nf5 26. Rg1 Bg7 27. Rxg6 Kh7 28.
Qc1 Nxh4 29. Qg1 Nf5 30. Bg4 Nxe3 31. Bxe6 Rxe6 32. Qxe3 Rxg6 33. Qxe4 Rd1+ 34.
Kh2 Rd2+ 35. Kh3 Rdg2 36. hxg6+ Rxg6 37. Kh4 Kh6 38. f5 Bf6+ 39. Kh3 Rg8 40.
Qe6 Rf8 41. Qd7 Kg5 42. Qxb7 Rd8 43. Qxc6 Rd3+ 44. Kg2 Kxf5 45. Qc8+ Kf4 46.
Qc7+ Be5 47. Qf7+ Ke4 48. Qb7+ Kf4 49. c6 Rd2+ 50. Kf1 Rc2 51. Qf7+ Kg5 52. Qd5
Kf4 53. b4 Bc7 54. Qf7+ 1-0

[Event "NB I. Charousek csoport"]
[Site "Paks"]
[Date "2024.03.03"]
[Round "7.12"]
[White "Buri, Kata"]
[Black "Molnar, Liza Dorottya"]
[Result "1-0"]
[WhiteElo "1833"]
[BlackElo "1879"]
[PlyCount "137"]
[EventDate "2023.10.08"]
[EventType "team-tourn"]
[EventRounds "11"]
[EventCountry "HUN"]
[Source "chess.hu"]
[WhiteTeam "ASE II. Paks"]
[BlackTeam "Gyori Elektromos"]
[WhiteTeamCountry "HUN"]
[BlackTeamCountry "HUN"]

1. e4 c5 2. Nc3 a6 3. g3 Nc6 4. Bg2 g6 5. Nge2 Bg7 6. d3 Nf6 7. h3 Rb8 8. Be3
d6 9. Qd2 O-O 10. Bh6 e5 11. h4 Nd4 12. Nxd4 cxd4 13. Nd5 Nxd5 14. exd5 f5 15.
h5 Bxh6 16. Qxh6 g5 17. O-O-O b5 18. f4 exf4 19. gxf4 g4 20. Rde1 Rb7 21. Re2
Qf6 22. Qxf6 Rxf6 23. Rhe1 Rbf7 24. c4 dxc3 25. bxc3 Bd7 26. c4 Rg7 27. Rb2 Kf8
28. a4 Re7 29. Rxe7 Kxe7 30. axb5 axb5 31. cxb5 Rf8 32. d4 Rb8 33. Bf1 Rb7 34.
b6 Kd8 35. Ba6 Rb8 36. b7 Ke7 37. Kd2 Kf6 38. Rb6 Ke7 39. h6 Be8 40. Bd3 Kd7
41. Bxf5+ Kc7 42. Rb3 Bf7 43. Rc3+ Kxb7 44. Rb3+ Kc7 45. Rxb8 Kxb8 46. Bxh7 g3
47. Be4 Bg6 48. Bg2 Kc7 49. Ke3 Kd7 50. Kf3 Ke7 51. Kxg3 Kf6 52. Kg4 Bd3 53.
Kh5 Be2+ 54. Kh4 Bd3 55. Bh3 Kg6 56. h7 Kxh7 57. Kg5 Kg7 58. Be6 Bc4 59. f5 Bb3
60. f6+ Kf8 61. Kg6 Bc4 62. Kf5 Bb3 63. Ke4 Bc4 64. Ke3 Ke8 65. Kd2 Bf1 66. Kc3
Be2 67. Kb4 Bd3 68. Ka5 Be2 69. Kb6 1-0

[Event "NB I. Charousek csoport"]
[Site "Nagykanizsa"]
[Date "2024.03.03"]
[Round "7.1"]
[White "Csonka, Attila Istvan"]
[Black "Galyas, Miklos"]
[Result "1/2-1/2"]
[WhiteElo "2291"]
[BlackElo "2396"]
[PlyCount "34"]
[EventDate "2023.10.08"]
[EventType "team-tourn"]
[EventRounds "11"]
[EventCountry "HUN"]
[Source "chess.hu"]
[WhiteTeam "Haladas VSE II."]
[BlackTeam "Tuxera ANSK II."]
[WhiteTeamCountry "HUN"]
[BlackTeamCountry "HUN"]

1. e4 Nc6 2. Nf3 d6 3. d4 Nf6 4. Nc3 g6 5. h3 Bg7 6. Be3 O-O 7. d5 Nb8 8. Qd2
c6 9. Bh6 b5 10. Bxg7 Kxg7 11. dxc6 b4 12. Nd5 Nxc6 13. Nxf6 exf6 14. Bc4 Ne5
15. Nxe5 dxe5 16. Qxd8 Rxd8 17. Bd3 Rb8 1/2-1/2

[Event "NB I. Charousek csoport"]
[Site "Nagykanizsa"]
[Date "2024.03.03"]
[Round "7.2"]
[White "Markoja, Boris"]
[Black "Kiss, Attila"]
[Result "1-0"]
[WhiteElo "2461"]
[BlackElo "2292"]
[PlyCount "87"]
[EventDate "2023.10.08"]
[EventType "team-tourn"]
[EventRounds "11"]
[EventCountry "HUN"]
[Source "chess.hu"]
[WhiteTeam "Tuxera ANSK II."]
[BlackTeam "Haladas VSE II."]
[WhiteTeamCountry "HUN"]
[BlackTeamCountry "HUN"]

1. c4 e6 2. g3 d5 3. Bg2 Nf6 4. Nf3 Be7 5. O-O O-O 6. d4 c6 7. Qc2 Nbd7 8. Rd1
b6 9. b3 Ba6 10. Nbd2 Rc8 11. e4 c5 12. exd5 exd5 13. Nf1 Re8 14. Bb2 dxc4 15.
d5 c3 16. Bxc3 b5 17. d6 Bf8 18. Ng5 g6 19. Ne3 Bg7 20. h4 Rxe3 21. fxe3 Qb6
22. Qf2 Rf8 23. Rac1 Bb7 24. Bxb7 Qxb7 25. Bxf6 Bxf6 26. Qf3 Qb6 27. Ne4 Bg7
28. Rd5 c4 29. bxc4 bxc4 30. Qe2 Re8 31. Nf2 Rxe3 32. Qxc4 Rxg3+ 33. Kf1 Rf3
34. Rc2 Bf8 35. Kg2 Rf6 36. Qd4 Qb1 37. Rb2 Qe1 38. Rb7 Qe6 39. Rxa7 Bg7 40.
Ra8+ Nf8 41. Qd3 Bh6 42. d7 Be3 43. Rxf8+ Kg7 44. Rg8+ 1-0

[Event "NB I. Charousek csoport"]
[Site "Nagykanizsa"]
[Date "2024.03.03"]
[Round "7.3"]
[White "Trbojevic, Mladen"]
[Black "Bodo, Norbert"]
[Result "1-0"]
[WhiteElo "2329"]
[BlackElo "2397"]
[PlyCount "53"]
[EventDate "2023.10.08"]
[EventType "team-tourn"]
[EventRounds "11"]
[EventCountry "HUN"]
[Source "chess.hu"]
[WhiteTeam "Haladas VSE II."]
[BlackTeam "Tuxera ANSK II."]
[WhiteTeamCountry "HUN"]
[BlackTeamCountry "HUN"]

1. e4 c6 2. d4 d5 3. f3 Qb6 4. c3 e5 5. Ne2 dxe4 6. fxe4 Bg4 7. Qd3 Nd7 8. Nd2
O-O-O 9. Nc4 Qc7 10. Bg5 f6 11. Be3 Be6 12. Ng3 exd4 13. cxd4 Bb4+ 14. Kf2 b5
15. Qb3 c5 16. d5 bxc4 17. Bxc4 Ne5 18. a3 Ng4+ 19. Ke2 Nxe3 20. Kxe3 Qe5 21.
axb4 Qd4+ 22. Kf3 f5 23. exf5 Nh6 24. Rhd1 Nxf5 25. Nxf5 Qe5 26. Ne7+ Kd7 27.
dxe6+ 1-0

[Event "NB I. Charousek csoport"]
[Site "Nagykanizsa"]
[Date "2024.03.03"]
[Round "7.5"]
[White "Krstic, Uros"]
[Black "Demeter, Dorina"]
[Result "1/2-1/2"]
[WhiteElo "2304"]
[BlackElo "2296"]
[PlyCount "87"]
[EventDate "2023.10.08"]
[EventType "team-tourn"]
[EventRounds "11"]
[EventCountry "HUN"]
[Source "chess.hu"]
[WhiteTeam "Haladas VSE II."]
[BlackTeam "Tuxera ANSK II."]
[WhiteTeamCountry "HUN"]
[BlackTeamCountry "HUN"]

1. e4 e5 2. Bc4 Nf6 3. d3 Nc6 4. Nc3 Na5 5. Bb3 Nxb3 6. axb3 d5 7. Nf3 d4 8.
Ne2 Bd6 9. O-O h6 10. Nxe5 Bxe5 11. f4 Bd6 12. e5 Bg4 13. exd6 Qxd6 14. h3 Bxe2
15. Qxe2+ Kf8 16. f5 Kg8 17. Bf4 Qd7 18. Qe5 Kh7 19. Qxc7 Qxc7 20. Bxc7 Rhc8
21. Be5 Rxc2 22. Bxd4 Rd8 23. Bxf6 gxf6 24. Rxa7 Rxd3 25. Rf3 Rd7 26. Ra5 Rxb2
27. Rb5 Ra2 28. Kh2 h5 29. Rc3 Rdd2 30. Rg3 Rd7 31. Rc5 Ra8 32. Rgc3 Rad8 33.
Rb5 Ra8 34. Rb6 Ra6 35. Rxa6 bxa6 36. Rc6 Rb7 37. Rxf6 Kg7 38. Rxa6 Rxb3 39. g4
hxg4 40. hxg4 Rc3 41. Kg2 Rb3 42. Kf2 Rc3 43. Rd6 Ra3 44. Rb6 1/2-1/2

[Event "NB I. Charousek csoport"]
[Site "Nagykanizsa"]
[Date "2024.03.03"]
[Round "7.6"]
[White "Orso, Miklos"]
[Black "Csontos, Aron"]
[Result "1/2-1/2"]
[WhiteElo "2161"]
[BlackElo "2160"]
[PlyCount "156"]
[EventDate "2023.10.08"]
[EventType "team-tourn"]
[EventRounds "11"]
[EventCountry "HUN"]
[Source "chess.hu"]
[WhiteTeam "Tuxera ANSK II."]
[BlackTeam "Haladas VSE II."]
[WhiteTeamCountry "HUN"]
[BlackTeamCountry "HUN"]

1. d4 Nf6 2. c4 e6 3. Nf3 d5 4. Bg5 dxc4 5. Nc3 Bb4 6. e4 h6 7. Bxf6 Qxf6 8.
Bxc4 O-O 9. O-O c5 10. e5 Qd8 11. d5 Bxc3 12. bxc3 exd5 13. Bxd5 Nc6 14. Re1
Qc7 15. Qa4 Ne7 16. Bb3 Bd7 17. Qf4 Be6 18. Rad1 Rad8 19. c4 Qa5 20. h3 a6 21.
Qe3 Qb4 22. Rc1 Nf5 23. Qc3 Qxc3 24. Rxc3 Nd4 25. Nxd4 cxd4 26. Rd3 Bf5 27. Rd2
g5 28. g4 Bg6 29. c5 Rfe8 30. h4 d3 31. hxg5 hxg5 32. f4 Rd4 33. e6 Kg7 34.
fxg5 Rxg4+ 35. Kf2 fxe6 36. Rxe6 Rf8+ 37. Ke3 Rh8 38. Rf2 Rh3+ 39. Kd2 Rxg5 40.
Re7+ Kh6 41. Rxb7 Rxc5 42. Rb6 a5 43. Rg2 Rg5 44. Rxg5 Kxg5 45. Rb5+ Kf4 46.
Rxa5 Rh2+ 47. Kc3 Be4 48. Ra7 Ke3 49. Rg7 Rh1 50. Rg3+ Ke2 51. Bc4 Kf2 52. Rxd3
Bxd3 53. Bxd3 Ke3 54. a4 Rd1 55. Bc2 Rd7 56. Bb3 Rc7+ 57. Bc4 Ke4 58. a5 Ke5
59. a6 Kd6 60. Kd4 Rc5 61. Bd3 Ra5 62. Ke4 Ra4+ 63. Ke3 Ke5 64. Bb5 Ra3+ 65.
Bd3 Rb3 66. Kd2 Kd4 67. Be2 Rb2+ 68. Kd1 Ke3 69. Bc4 Rb4 70. Be6 Ra4 71. Bc8
Rd4+ 72. Kc2 Rc4+ 73. Kb3 Rxc8 74. Kb4 Kd4 75. Kb5 Kd5 76. Kb6 Kd6 77. a7 Kd7
78. Kb7 Rh8 1/2-1/2

[Event "NB I. Charousek csoport"]
[Site "Nagykanizsa"]
[Date "2024.03.03"]
[Round "7.7"]
[White "Magyar, Andras"]
[Black "Bodo, Bence"]
[Result "1-0"]
[WhiteElo "2214"]
[BlackElo "2262"]
[PlyCount "79"]
[EventDate "2023.10.08"]
[EventType "team-tourn"]
[EventRounds "11"]
[EventCountry "HUN"]
[Source "chess.hu"]
[WhiteTeam "Haladas VSE II."]
[BlackTeam "Tuxera ANSK II."]
[WhiteTeamCountry "HUN"]
[BlackTeamCountry "HUN"]

1. e4 e5 2. Nf3 Nf6 3. Nxe5 d6 4. Nf3 Nxe4 5. Nc3 Nxc3 6. dxc3 Be7 7. Bf4 Be6
8. Qd2 Nc6 9. Bd3 Qd7 10. O-O h6 11. Nd4 Nxd4 12. cxd4 g5 13. Be3 Bf5 14. Rfe1
d5 15. Bxg5 hxg5 16. Bxf5 Qxf5 17. Qb4 Qd7 18. Rxe7+ Qxe7 19. Re1 Qxe1+ 20.
Qxe1+ Kd7 21. Qe5 Rae8 22. Qxd5+ Kc8 23. h3 Rhg8 24. Qf5+ Kb8 25. Qxf7 a6 26.
Kf1 Ref8 27. Qd5 Rd8 28. Qc5 c6 29. c4 Rd7 30. Qf5 Rdd8 31. g3 Ka8 32. d5 cxd5
33. cxd5 Rdf8 34. Qh7 Rh8 35. Qe7 Rhg8 36. d6 Re8 37. Qh7 Rd8 38. Kg2 Rgf8 39.
Qe7 Rfe8 40. Qc7 1-0

[Event "NB I. Charousek csoport"]
[Site "Nagykanizsa"]
[Date "2024.03.03"]
[Round "7.8"]
[White "Hardicsay, Peter"]
[Black "Egri, Laszlo Jr"]
[Result "1-0"]
[WhiteElo "2170"]
[BlackElo "2241"]
[PlyCount "85"]
[EventDate "2023.10.08"]
[EventType "team-tourn"]
[EventRounds "11"]
[EventCountry "HUN"]
[Source "chess.hu"]
[WhiteTeam "Tuxera ANSK II."]
[BlackTeam "Haladas VSE II."]
[WhiteTeamCountry "HUN"]
[BlackTeamCountry "HUN"]

1. d4 Nf6 2. c4 c5 3. Nf3 cxd4 4. Nxd4 e5 5. Nb5 d5 6. cxd5 Bc5 7. e3 O-O 8.
N5c3 e4 9. Be2 Qe7 10. a3 Bf5 11. Nd2 Nbd7 12. Nc4 a5 13. Nb5 Nb6 14. d6 Qd7
15. Nxb6 Bxb6 16. Bd2 Ng4 17. Bc3 Bxe3 18. fxe3 Nxe3 19. Qd2 Nxg2+ 20. Kd1 Bg6
21. Qg5 Qh3 22. Qg3 Ne3+ 23. Kd2 Qxg3 24. hxg3 Nf5 25. g4 e3+ 26. Ke1 Ng3 27.
Rh3 Nxe2 28. Kxe2 f5 29. Rxe3 fxg4 30. Rg1 h5 31. Nc7 Rac8 32. Re7 Rf7 33. Rxf7
Bxf7 34. Kd3 Rd8 35. Be5 Kh7 36. Rf1 Kg6 37. Bg3 Bb3 38. Kd4 Kg5 39. Rh1 Rf8
40. Kc5 Rb8 41. Kb6 Ba4 42. Ne6+ Kf6 43. d7 1-0

[Event "NB I. Charousek csoport"]
[Site "Nagykanizsa"]
[Date "2024.03.03"]
[Round "7.10"]
[White "Sipos, Janos"]
[Black "Tomasic, Roland"]
[Result "1-0"]
[WhiteElo "2179"]
[BlackElo "2120"]
[PlyCount "63"]
[EventDate "2023.10.08"]
[EventType "team-tourn"]
[EventRounds "11"]
[EventCountry "HUN"]
[Source "chess.hu"]
[WhiteTeam "Tuxera ANSK II."]
[BlackTeam "Haladas VSE II."]
[WhiteTeamCountry "HUN"]
[BlackTeamCountry "HUN"]

1. c4 f5 2. g3 Nf6 3. Bg2 d6 4. Nc3 c6 5. d3 Na6 6. Nf3 g6 7. O-O Bg7 8. e4 e5
9. d4 Nxe4 10. Nxe4 fxe4 11. Ng5 exd4 12. Bxe4 Qf6 13. Qe2 Kd8 14. Bg2 Nc5 15.
b4 Ne6 16. Ne4 Qe7 17. Qd2 h6 18. Bb2 c5 19. Rfe1 Re8 20. Rad1 Kc7 21. Ba3 b6
22. bxc5 dxc5 23. Nxc5 bxc5 24. Qa5+ Kd7 25. Bxa8 a6 26. Rb1 Qg5 27. Bc6+ Kxc6
28. Qa4+ Kc7 29. Qxe8 Qf5 30. Qe7+ Kc6 31. Rb8 Bd7 32. Reb1 1-0

[Event "NB I. Charousek csoport"]
[Site "Nagykanizsa"]
[Date "2024.03.03"]
[Round "7.11"]
[White "Gombocz, Zsofia"]
[Black "Babits, Andras"]
[Result "0-1"]
[WhiteElo "2096"]
[BlackElo "2055"]
[PlyCount "90"]
[EventDate "2023.10.08"]
[EventType "team-tourn"]
[EventRounds "11"]
[EventCountry "HUN"]
[Source "chess.hu"]
[WhiteTeam "Haladas VSE II."]
[BlackTeam "Tuxera ANSK II."]
[WhiteTeamCountry "HUN"]
[BlackTeamCountry "HUN"]

1. e4 e5 2. Nf3 Nc6 3. Bb5 a6 4. Ba4 Bb4 5. c3 Ba5 6. d4 exd4 7. Nxd4 Nge7 8.
O-O O-O 9. Bg5 f6 10. Bb3+ Kh8 11. Be3 d5 12. Bc2 dxe4 13. Bxe4 Nxd4 14. Bxd4
c6 15. Qh5 f5 16. Bc2 Bb6 17. Rd1 Bxd4 18. Rxd4 Qe8 19. Qh3 Ng6 20. Nd2 Qe2 21.
Qg3 Qe7 22. Qf3 Be6 23. Qh5 c5 24. Rg4 fxg4 25. Bxg6 h6 26. Re1 Qd7 27. Ne4 Qd5
28. Qh4 Bf7 29. c4 Qe5 30. Qxg4 Bxg6 31. Qxg6 Qf5 32. Qd6 Rae8 33. f3 Qe5 34.
Qb6 Qd4+ 35. Kh1 Rf7 36. Rg1 Rfe7 37. b3 Qe5 38. Qg6 Re6 39. Qg4 b6 40. h3 Kh7
41. Rd1 Rg6 42. Qd7 Ree6 43. Qc8 Qb2 44. Rd2 Qc1+ 45. Kh2 Rxe4 0-1

[Event "NB I. Charousek csoport"]
[Site "Nagykanizsa"]
[Date "2024.03.03"]
[Round "7.12"]
[White "Beznicza, Mira"]
[Black "Apro, Barnabas"]
[Result "0-1"]
[WhiteElo "1801"]
[BlackElo "2026"]
[PlyCount "74"]
[EventDate "2023.10.08"]
[EventType "team-tourn"]
[EventRounds "11"]
[EventCountry "HUN"]
[Source "chess.hu"]
[WhiteTeam "Tuxera ANSK II."]
[BlackTeam "Haladas VSE II."]
[WhiteTeamCountry "HUN"]
[BlackTeamCountry "HUN"]

1. e4 c5 2. Nc3 Nc6 3. d3 g6 4. Be3 Nd4 5. g3 Bg7 6. Bg2 d6 7. Qd2 Rb8 8. Nd1
b5 9. c3 Nc6 10. Nf3 b4 11. O-O Ba6 12. Re1 e5 13. h3 Nf6 14. Nh2 bxc3 15. bxc3
Qa5 16. f4 O-O 17. g4 exf4 18. Bxf4 Ne5 19. Bf1 Rb6 20. Qe3 Nfd7 21. h4 Rfb8
22. d4 cxd4 23. cxd4 Nc6 24. Nf3 Nxd4 25. Nxd4 Bxd4 26. Qxd4 Qxe1 27. Ne3 Qxh4
28. Bxa6 Rxa6 29. Bxd6 Re8 30. Rf1 Re6 31. Bc7 Qe7 32. Bf4 Rxe4 33. Qc3 Rxa2
34. Bh6 f6 35. Kh1 Rxe3 36. Qc8+ Nf8 37. Qc4+ Qe6 0-1

[Event "NB I. Charousek csoport"]
[Site "Balatonfured"]
[Date "2024.03.03"]
[Round "7.2"]
[White "Pataki, Gyozo"]
[Black "Egresi, Mate"]
[Result "1/2-1/2"]
[WhiteElo "2301"]
[BlackElo "2374"]
[PlyCount "106"]
[EventDate "2023.10.08"]
[EventType "team-tourn"]
[EventRounds "11"]
[EventCountry "HUN"]
[Source "chess.hu"]
[WhiteTeam "Balatonfuredi SC"]
[BlackTeam "Sentimento Ajka BSK"]
[WhiteTeamCountry "HUN"]
[BlackTeamCountry "HUN"]

1. d4 Nf6 2. c4 g6 3. Nc3 d5 4. Nf3 Bg7 5. Qb3 dxc4 6. Qxc4 O-O 7. Bf4 c6 8. e4
b5 9. Qb3 Qa5 10. e5 Be6 11. Qd1 Ne4 12. a4 Nxc3 13. bxc3 bxa4 14. Bd2 a3 15.
c4 Qc7 16. Rxa3 c5 17. Ba5 Qc8 18. d5 Bg4 19. Be2 Nd7 20. e6 fxe6 21. Ng5 Bxe2
22. Qxe2 e5 23. Ne6 Rf7 24. Nxg7 Kxg7 25. O-O Qa6 26. Bb4 Qd6 27. Bc3 e6 28.
Rd1 a6 29. Rb3 Raf8 30. f3 Re8 31. Rb7 exd5 32. Rxd5 Qc6 33. Rb1 Re6 34. Rbd1
Kg8 35. Qd3 Ree7 36. Rd6 Qa8 37. h4 Nf8 38. Rd5 Nd7 39. Qe3 Qe8 40. Qg5 Rf5 41.
Qd2 Rff7 42. Bb2 Qb8 43. Qc2 Qb4 44. Rb1 Rf4 45. Qd3 Qxc4 46. Rxd7 Qxd3 47.
Rxd3 Rb4 48. Rd6 Reb7 49. Rc1 Rxb2 50. Rxc5 Re2 51. Rxa6 e4 52. fxe4 Rxe4 53.
h5 gxh5 1/2-1/2

[Event "NB I. Charousek csoport"]
[Site "Balatonfured"]
[Date "2024.03.03"]
[Round "7.3"]
[White "Jakab, Attila"]
[Black "Zentai, Peter"]
[Result "1/2-1/2"]
[WhiteElo "2282"]
[BlackElo "2248"]
[PlyCount "45"]
[EventDate "2023.10.08"]
[EventType "team-tourn"]
[EventRounds "11"]
[EventCountry "HUN"]
[Source "chess.hu"]
[WhiteTeam "Sentimento Ajka BSK"]
[BlackTeam "Balatonfuredi SC"]
[WhiteTeamCountry "HUN"]
[BlackTeamCountry "HUN"]

1. d4 d5 2. Nf3 Nf6 3. Bf4 c5 4. e3 e6 5. c3 Bd6 6. Bxd6 Qxd6 7. Nbd2 Nbd7 8.
Be2 O-O 9. O-O e5 10. dxe5 Nxe5 11. Qc2 Bg4 12. Rfe1 Nxf3+ 13. Bxf3 Bxf3 14.
Nxf3 Rad8 15. Rad1 Qe7 16. Rd3 Rd6 17. Red1 Rfd8 18. h3 Ne4 19. Nd2 Nf6 20. Nf1
Ne4 21. Nd2 Nf6 22. Nf1 Ne4 23. Nd2 1/2-1/2

[Event "NB I. Charousek csoport"]
[Site "Balatonfured"]
[Date "2024.03.03"]
[Round "7.5"]
[White "Cseke, Richard"]
[Black "Lyell, Mark"]
[Result "1/2-1/2"]
[WhiteElo "2295"]
[BlackElo "2185"]
[PlyCount "75"]
[EventDate "2023.10.08"]
[EventType "team-tourn"]
[EventRounds "11"]
[EventCountry "HUN"]
[Source "chess.hu"]
[WhiteTeam "Sentimento Ajka BSK"]
[BlackTeam "Balatonfuredi SC"]
[WhiteTeamCountry "HUN"]
[BlackTeamCountry "HUN"]

1. d4 d5 2. Bg5 Nc6 3. e3 f6 4. Bh4 Nh6 5. c4 e5 6. dxe5 Bb4+ 7. Nc3 d4 8. exd4
Qxd4 9. Qxd4 Nxd4 10. O-O-O Bxc3 11. bxc3 Ndf5 12. Bg3 Nxg3 13. hxg3 fxe5 14.
Bd3 Bg4 15. f3 Be6 16. Re1 O-O-O 17. Kc2 Rhe8 18. Nh3 Nf7 19. Bxh7 Bxc4 20. Nf2
Rd6 21. Bd3 Bxd3+ 22. Nxd3 Ra6 23. Nb4 Rg6 24. g4 e4 25. c4 Re5 26. Nd5 b5 27.
f4 Re8 28. g5 Rc6 29. Rh7 Rxc4+ 30. Kb3 Rd4 31. Rxg7 Rxd5 32. Rxf7 a5 33. Re3
Red8 34. Rxe4 Rd3+ 35. Kc2 Rd2+ 36. Kc1 Rd1+ 37. Kc2 R1d2+ 38. Kc1 1/2-1/2